Normal view
MARC view
Entry Topical Term
001 - CONTROL NUMBER
- control field: 39076
003 - CONTROL NUMBER IDENTIFIER
- control field: dpl
005 - DATE AND TIME OF LATEST TRANSACTION
- control field: 20120112145355.0
008 - FIXED-LENGTH DATA ELEMENTS
- fixed length control field: 120112|||a|||||| | ||| d
040 ## - CATALOGING SOURCE
- Original cataloging agency: dpl
- Transcribing agency: dpl
150 ## - HEADING--TOPICAL TERM
- Topical term or geographic name as entry element: Audio-visual equipment industry
- General subdivision: Employees
- General subdivision: Certification.
670 ## - SOURCE DATA FOUND
- Source citation: Work cat.: (dpl)0: Laurik, Sven 39075, CTS certified technology specialist exam guide /, 2011
670 ## - SOURCE DATA FOUND
- Source citation: Work cat.: (dpl)0: Laurik, Sven 39075, CTS certified technology specialist exam guide /, 2011
